Проблемы ненадлежащего оказания медицинской помощи (Запись № 3925390)

Подробности
000 -МАРКЕР
контрольное поле 02395nam0a2200337 i 4500
001 - ИДЕНТИФИКАТОР ЗАПИСИ
контрольное поле RU\NLR\bibl\1979997
005 - ИДЕНТИФИКАТОР ВЕРСИИ
контрольное поле 20260408102601.0
010 ## - МЕЖДУНАРОДНЫЙ СТАНДАРТНЫЙ НОМЕР КНИГИ (ISBN)
Номер (ISBN) 9785903416318
Тираж 100
021 ## - НОМЕР ГОСУДАРСТВЕННОЙ РЕГИСТРАЦИИ
Код страны Российская Федерация
Номер 2012-90392
Номер Листа государственной регистраци 6685
035 ## - ДРУГИЕ СИСТЕМНЫЕ НОМЕРА
Идентификатор записи (nilc)RSL-KNO-005574217
035 ## - ДРУГИЕ СИСТЕМНЫЕ НОМЕРА
Идентификатор записи (NLR Aleph) 001968701
100 ## - ДАННЫЕ ОБЩЕЙ ОБРАБОТКИ
Данные общей обработки 20121203d2012 u y0rusy50 ca
101 0# - ЯЗЫК РЕСУРСА
Язык текста, звукозаписи и т.д. русский
102 ## - СТРАНА ПУБЛИКАЦИИ ИЛИ ПРОИЗВОДСТВА
Страна публикации Российская Федерация
105 ## - ПОЛЕ КОДИРОВАННЫХ ДАННЫХ: ТЕКСТОВЫЕ МАТЕРИАЛЫ, МОНОГРАФИЧЕСКИЕ
Кодированные данные о монографическом текстовом документе y |||||||||
200 1# - ЗАГЛАВИЕ И СВЕДЕНИЯ ОБ ОТВЕТСТВЕННОСТИ
Основное заглавие Проблемы ненадлежащего оказания медицинской помощи
Сведения, относящиеся к заглавию (экспертно-правовые вопросы)
-- материалы межрегиональной научно-практической конференции с международным участием, 23 ноября 2012 года
Первые сведения об ответственности под ред. чл.-корр. РАМН, проф. Ю. Д. Сергеева [и др.]
210 ## - ПУБЛИКАЦИЯ, РАСПРОСТРАНЕНИЕ И ДР.
Место издания, распространения и т.д. Москва
Имя издателя, распространителя и т. д. ЮрИнфоЗдрав
Дата издания, распространения и т.д. 2012
215 ## - ФИЗИЧЕСКАЯ ХАРАКТЕРИСТИКА
Специфическое обозначение материала и объем 159 с.
Другие сведения о физической характеристике табл.
Размеры 20
300 ## - ОБЩИЕ ПРИМЕЧАНИЯ
Текст примечания В надзаг.: Нац. ассоц. мед. права, Нац. ин-т мед. права, ГБОУ ВПО "Моск. гос. мед.-стоматол. ун-т им. А.И. Евдокимова", Каф. судеб. медицины и мед. права, ГБОУ ВПО "Первый Моск. гос. мед. ун-т им. И.М. Сеченова", Каф. мед. права
320 ## - ПРИМЕЧАНИЯ О НАЛИЧИИ В ДОКУМЕНТЕ БИБЛИОГРАФИИ / УКАЗАТЕЛЯ
Текст примечания Библиогр. в конце докл.
606 ## - НАИМЕНОВАНИЕ ТЕМЫ КАК ПРЕДМЕТ
Наименование темы Медицинская помощь
Формальный подзаголовок Съезды, совещания и т.п.
Тематический подзаголовок Качество
-- Оценка
-- Судебно-медицинская экспертиза
Системный номер авторитетной/нормативной записи 2378694
Идентификатор авторитетной/нормативной записи RU\NLR\auth\661419337
686 ## - ИНДЕКСЫ ДРУГИХ КЛАССИФИКАЦИЙ
Индекс Р811.6я431(0)
702 #1 - ИМЯ ЛИЦА - ВТОРИЧНАЯ ОТВЕТСТВЕННОСТЬ
Код отношения Редактор
Графика поля Кириллица
Материалы, к которым относится поле rus
Начальный элемент ввода Сергеев
Часть имени, кроме начального элемента ввода Ю. Д.
Дополнения к именам, кроме дат д-р мед. наук, мед. право
Расширение инициалов личного имени Юрий Дмитриевич
Системный номер авторитетной/нормативной записи 36297
Идентификатор авторитетной/нормативной записи RU\NLR\auth\7753365
712 12 - НАИМЕНОВАНИЕ ОРГАНИЗАЦИИ - ВТОРИЧНАЯ ОТВЕТСТВЕННОСТЬ
Начальный элемент ввода "Проблемы ненадлежащего оказания медицинской помощи (экспертно-правовые вопросы)", межрегиональная научно-практическая конференция с международным участием
Место проведения временной организации Москва
Дата проведения временной организации 2012
Системный номер авторитетной/нормативной записи 369167
Идентификатор авторитетной/нормативной записи RU\NLR\AUTH\8810241621
801 #0 - ИСТОЧНИК ЗАПИСИ
Страна Российская Федерация
Организация RuMoRKP
Дата составления 20121203
Правила каталогизации rcr
801 #1 - ИСТОЧНИК ЗАПИСИ
Страна Российская Федерация
Организация РГБ
Дата составления 20121203
801 #2 - ИСТОЧНИК ЗАПИСИ
Страна Российская Федерация
Организация NLR
Дата составления 20121218
Правила каталогизации rcr
942 ## - ДОПОЛНИТЕЛЬНЫЕ ЭЛЕМЕНТЫ ЗАПИСИ (АБИС)
Тип экземпляра АБИС Книга
980 ## - КОЛЛЕКЦИЯ
Название коллекции НБР

Нет доступных экземпляров.